[Event "RUS-ch Boys U21 2020"]
[Site "Moscow"]
[Date "2020.12.11"]
[Round "4"]
[White "Pogosyan, Stefan"]
[Black "Salemgareev, Tagir"]
[Result "1/2-1/2"]
[WhiteElo "2430"]
[BlackElo "2463"]
[Annotator "broadcasts"]
[PlyCount "101"]
[EventDate "2020.12.08"]
[EventType "tourn"]
[EventCountry "RUS"]

1. Nf3 {[%emt 0:00:17]} d5 {[%emt 0:00:08]} 2. g3 {[%emt 0:01:23]} Nc6 {[%emt 0:00:45]} 3. Bg2 {[%emt 0:01:16]} e5 {[%emt 0:00:12]} 4. O-O {[%emt 0:00:54]} Nf6 {[%emt 0:00:08]} 5. d4 {[%emt 0:05:40]} e4 {[%emt 0:32:43]} 6. Ne5 {[%emt 0:04:09]} Bd6 {[%emt 0:00:06]} 7. Nxc6 {[%emt 0:02:30]} bxc6 {[%emt 0:02:01]} 8. c4 {[%emt 0:00:14]} O-O {[%emt 0:03:23]} 9. Nc3 {[%emt 0:02:45]} h6 {[%emt 0:01:36]} 10. Qa4 {[%emt 0:04:24]} a5 {[%emt 0:13:24]} 11. c5 {[%emt 0:09:58]} Be7 {[%emt 0:00:07]} 12. f3 {[%emt 0:00:00]} exf3 {[%emt 0:00:53]} 13. exf3 {[%emt 0:01:12]} Bd7 {[%emt 0:01:22]} 14. Re1 {[%emt 0:00:59]} Re8 {[%emt 0:02:57]} 15. Bd2 {[%emt 0:02:42]} Nh7 {[%emt 0:02:14]} 16. Ne2 {[%emt 0:06:51]} Nf8 {[%emt 0:04:59]} 17. Nf4 {[%emt 0:07:09]} Bf6 {[%emt 0:07:15]} 18. Bc3 {[%emt 0:01:13]} Bg5 {[%emt 0:14:57]} 19. Nd3 {[%emt 0:02:02]} Be3+ {[%emt 0:02:18]} 20. Kh1 {[%emt 0:05:07]} f6 {[%emt 0:00:38]} 21. f4 {[%emt 0:21:15]} Kh8 {[%emt 0:00:41]} 22. Bf3 {[%emt 0:03:41]} Bf5 {[%emt 0:00:54]} 23. Rad1 {[%emt 0:02:21]} Qd7 {[%emt 0:01:00]} 24. Re2 {[%emt 0:00:43]} Bg4 {[%emt 0:02:08]} 25. Rf1 {[%emt 0:01:43]} Re4 {[%emt 0:00:27]} 26. Qd1 {[%emt 0:04:05]} Bxf3+ {[%emt 0:00:59]} 27. Rxf3 {[%emt 0:00:35]} Rae8 {[%emt 0:02:07]} 28. Nf2 {[%emt 0:05:50]} Bxf2 {[%emt 0:00:43]} 29. Rexf2 {[%emt 0:00:15]} Qc8 {[%emt 0:01:10]} 30. f5 {[%emt 0:00:46]} Qa6 {[%emt 0:00:40]} 31. Qd3 {[%emt 0:00:51]} Qxd3 {[%emt 0:01:15]} 32. Rxd3 {[%emt 0:00:02]} a4 {[%emt 0:00:05]} 33. Kg2 {[%emt 0:00:45]} Kh7 {[%emt 0:00:32]} 34. Ba5 {[%emt 0:01:53]} R8e7 {[%emt 0:00:05]} 35. Rfd2 {[%emt 0:01:17]} g6 {[%emt 0:00:15]} 36. fxg6+ {[%emt 0:00:06]} Kxg6 {[%emt 0:00:05]} 37. Ra3 {[%emt 0:00:31]} Ne6 {[%emt 0:00:45]} 38. Bc3 {[%emt 0:00:25]} f5 {[%emt 0:01:08]} 39. Rxa4 {[%emt 0:00:13]} f4 {[%emt 0:00:28]} 40. Ra6 {[%emt 0:00:00]} Ng5 {[%emt 0:00:00]} 41. Rxc6+ {[%emt 0:02:42]} Kf5 {[%emt 0:07:26]} 42. Rf2 {[%emt 0:08:53]} f3+ {[%emt 0:00:44]} 43. Rxf3+ {[%emt 0:04:28]} Nxf3 {[%emt 0:00:07]} 44. Kxf3 {[%emt 0:00:02]} h5 {[%emt 0:07:43]} 45. Rh6 {[%emt 0:03:23]} Re3+ {[%emt 0:00:40]} 46. Kg2 {[%emt 0:02:39]} Re2+ {[%emt 0:00:20]} 47. Kh3 {[%emt 0:00:31]} Kg5 {[%emt 0:00:19]} 48. Rh8 {[%emt 0:00:10]} Rc2 {[%emt 0:00:19]} 49. Rg8+ {[%emt 0:00:29]} Kh6 {[%emt 0:00:17]} 50. Rh8+ {[%emt 0:00:23]} Kg5 {[%emt 0:00:28]} 51. Rg8+ {[%emt 0:00:33]} 1/2-1/2

[Event "RUS-ch Boys U21 2020"]
[Site "Moscow"]
[Date "2020.12.11"]
[Round "4"]
[White "Smirnov, Timofey"]
[Black "Ofitserian, Boris"]
[Result "1-0"]
[WhiteElo "2394"]
[BlackElo "2376"]
[Annotator "broadcasts"]
[PlyCount "75"]
[EventDate "2020.12.08"]
[EventType "tourn"]
[EventCountry "RUS"]

1. e4 {[%emt 0:00:00]} c5 {[%emt 0:00:00]} 2. Nf3 {[%emt 0:00:00]} d6 {[%emt 0:00:00]} 3. d4 {[%emt 0:00:00]} cxd4 {[%emt 0:00:00]} 4. Nxd4 {[%emt 0:00:00]} Nf6 {[%emt 0:00:00]} 5. Nc3 {[%emt 0:00:00]} a6 {[%emt 0:00:00]} 6. Be2 {[%emt 0:00:09]} e6 {[%emt 0:00:00]} 7. g4 {[%emt 0:01:28]} h6 {[%emt 0:04:01]} 8. Be3 {[%emt 0:04:51]} Nc6 {[%emt 0:00:18]} 9. Rg1 {[%emt 0:02:37]} Nxd4 {[%emt 0:16:31]} 10. Qxd4 {[%emt 0:01:30]} e5 {[%emt 0:01:03]} 11. Qd3 {[%emt 0:01:31]} Be6 {[%emt 0:05:19]} 12. O-O-O {[%emt 0:03:50]} Rc8 {[%emt 0:04:02]} 13. Kb1 {[%emt 0:01:14]} Be7 {[%emt 0:11:45]} 14. h4 {[%emt 0:02:50]} Qa5 {[%emt 0:07:21]} 15. Nd5 {[%emt 0:12:50]} Nxd5 {[%emt 0:00:06]} 16. exd5 {[%emt 0:00:04]} Bd7 {[%emt 0:00:05]} 17. g5 {[%emt 0:04:37]} g6 {[%emt 0:08:39]} 18. Bg4 {[%emt 0:02:53]} hxg5 {[%emt 0:00:25]} 19. Bxd7+ {[%emt 0:01:15]} Kxd7 {[%emt 0:00:05]} 20. hxg5 {[%emt 0:01:13]} Rh4 {[%emt 0:01:10]} 21. b3 {[%emt 0:07:24]} Qb4 {[%emt 0:02:19]} 22. Rh1 {[%emt 0:09:35]} Rch8 {[%emt 0:09:46]} 23. Rxh4 {[%emt 0:00:49]} Qxh4 {[%emt 0:00:09]} 24. Rg1 {[%emt 0:03:02]} Rh5 {[%emt 0:03:25]} 25. Qd2 {[%emt 0:00:37]} Qe4 {[%emt 0:05:23]} 26. a4 {[%emt 0:04:14]} Bf8 {[%emt 0:03:11]} 27. Ka2 {[%emt 0:04:12]} Bg7 {[%emt 0:14:24]} 28. c4 {[%emt 0:05:44]} Rh2 {[%emt 0:02:24]} 29. Rc1 {[%emt 0:03:17]} Qf3 {[%emt 0:02:07]} 30. c5 {[%emt 0:06:59]} dxc5 {[%emt 0:00:25]} 31. Rxc5 {[%emt 0:00:01]} b6 {[%emt 0:00:33]} 32. Rc2 {[%emt 0:06:58]} e4 {[%emt 0:00:26]} 33. d6 {[%emt 0:00:25]} Rh1 {[%emt 0:00:17]} 34. Rc7+ {[%emt 0:02:03]} Kd8 {[%emt 0:00:02]} 35. Rc1 {[%emt 0:00:01]} Kd7 {[%emt 0:01:07]} 36. Bxb6 {[%emt 0:06:50]} Qd3 {[%emt 0:00:41]} 37. Qxd3 {[%emt 0:00:48]} Rxc1 {[%emt 0:00:05]} 38. Qh3+ {[%emt 0:00:07]} 1-0

[Event "RUS-ch Boys U21 2020"]
[Site "Moscow"]
[Date "2020.12.12"]
[Round "5.1"]
[White "Lobanov, Sergei"]
[Black "Makarian, Rudik"]
[Result "0-1"]
[WhiteElo "2522"]
[BlackElo "2441"]
[Annotator "TA"]
[PlyCount "64"]
[EventDate "2020.12.08"]
[EventType "tourn"]
[EventCountry "RUS"]
[SourceTitle "playchess.com"]
[Source "ChessBase"]
[SourceQuality "1"]

{[%evp 12,64,23,14,21,21,16,0,21,0,8,13,3,33,115,122,123,107,104,118,37,-302,-292,-279,-312,-316,-311,-316,-314,-330,-204,-250,-250,-404,-166,-167,-171,-161,-136,-238,-140,-241,-239,-227,-225,-329,-337,-394,-394,-383,-366,-647,-458,-423,-420]} 1. e4 e5 2. Nf3 Nc6 3. Bc4 Nf6 4. d3 Bc5 5. c3 h6 6. O-O d6 7. Re1 a6 {C54: Giuoco Piano: 4 c3 Nf6, main lines with 5 d4 and 5 d3.} 8. a4 Ba7 9. a5 g5 {The position is equal.} 10. Be3 {[#]} Bxe3 $146 ({Predecessor:} 10... g4 11. Nfd2 Nh5 12. d4 Qf6 13. Nf1 Bd7 14. Ng3 Nf4 15. dxe5 Nxe5 16. Bf1 Bxe3 17. Rxe3 {1-0 (66) Kosteniuk,A (2471)-Costachi,M (2471) Chess.com INT 2020}) 11. fxe3 g4 12. Rf1 d5 (12... Rf8 $14) 13. exd5 $16 Nxd5 14. Qb3 Nxe3 15. Bxf7+ Ke7 16. Nh4 $2 {[%mdl 8192] This costs White the game.} (16. Re1 $14 {was the only good move.} Nxg2 17. Rxe5+ Nxe5 18. Nxe5) 16... Nxf1 $19 17. Ng6+ Kf6 18. Nxh8 g3 (18... Qxd3 19. Bg8 $19) 19. hxg3 (19. Kxf1 Qxd3+ 20. Ke1 gxh2 21. Qe6+ Bxe6 22. Kf2 h1=Q 23. Na3 Qd2+ 24. Kg3 Qdxg2#) 19... Nxg3 20. Nd2 Kg7 (20... Qxh8 21. Kh2 $19) 21. Re1 Kxh8 22. Nf3 $2 (22. Bd5) 22... Bg4 (22... Qxd3 $142 23. Bd5 Ne2+ 24. Kh1 Bd7 25. Bxc6 Bxc6) 23. Qxb7 Bxf3 24. gxf3 Nxa5 25. Qb4 (25. Qd5 $17 {only move.} Qxd5 26. Bxd5) 25... Qf8 ({Weaker is} 25... Qxd3 26. Qxa5 Qh7 27. Qxe5+ Qg7 28. Kh2 $16 (28. Qxc7 $2 Nf5+ 29. Kf2 Rf8 $19)) (25... Qf6 $19 26. Qxa5 Qxf7 27. Qxe5+ Kh7) 26. Qxa5 (26. Qxf8+ $17 {is a better defense.} Rxf8 27. Bd5) 26... Qxf7 27. Qxe5+ Kh7 $1 {...Rg8 is the strong threat.} ({Don't play} 27... Qg7 28. Kf2 $17) 28. Kf2 {[#]} ({Not} 28. Qxg3 $2 Rg8 $1 $19 {[%mdl 512]}) (28. Qe7 $142 Rf8 29. Re6) 28... Nf5 $1 29. Re4 Rf8 30. Rf4 Qg6 {White must now prevent ...Qg3+.} 31. Rc4 $2 (31. Rg4 Qb6+ 32. Ke1) 31... Qb6+ 32. Ke1 Rf7 {Weighted Error Value: White=0.57/Black=0.35} 0-1

[Event "RUS-ch Boys U21 2020"]
[Site "Moscow"]
[Date "2020.12.12"]
[Round "5.2"]
[White "Salemgareev, Tagir"]
[Black "Gaifullin, Artur"]
[Result "1-0"]
[WhiteElo "2463"]
[BlackElo "2460"]
[Annotator "ChessBase"]
[PlyCount "95"]
[EventDate "2020.12.08"]
[EventType "tourn"]
[EventCountry "RUS"]
[SourceTitle "playchess.com"]
[Source "ChessBase"]
[SourceQuality "1"]
[TimeControl "40/5400+30:1800+30"]

1. d4 {[%emt 0:00:00]} Nf6 {[%emt 0:00:00]} 2. c4 {[%emt 0:00:00]} e6 {[%emt 0:00:00]} 3. Nf3 {[%emt 0:00:00]} d5 {[%emt 0:00:00]} 4. Nc3 {[%emt 0:00:00]} Be7 {[%emt 0:00:00]} 5. Bg5 {[%emt 0:02:48]} O-O {[%emt 0:00:00]} 6. e3 {[%emt 0:00:04]} Nbd7 {[%emt 0:00:21]} 7. Rc1 {[%emt 0:02:07]} dxc4 {[%emt 0:00:28]} 8. Bxc4 {[%emt 0:00:15]} a6 {[%emt 0:00:04]} 9. O-O {[%emt 0:08:04]} b5 {[%emt 0:00:48]} 10. Bd3 {[%emt 0:00:24]} Bb7 {[%emt 0:00:32]} 11. a4 {[%emt 0:01:33]} b4 {[%emt 0:01:15]} 12. Nb1 {[%emt 0:01:30]} c5 {[%emt 0:00:57]} 13. Nbd2 {[%emt 0:00:31]} h6 {[%emt 0:08:05]} 14. Bh4 {[%emt 0:01:31]} cxd4 {[%emt 0:04:45]} 15. exd4 {[%emt 0:01:15]} Nd5 {[%emt 0:06:02]} 16. Bg3 {[%emt 0:02:04]} a5 {[%emt 0:00:43]} 17. Nb3 {[%emt 0:02:23]} Ba6 {[%emt 0:03:30]} 18. Rc6 {[%emt 0:05:27]} Nb8 {[%emt 0:08:32]} 19. Rc1 {[%emt 0:11:54]} Bxd3 {[%emt 0:06:54]} 20. Qxd3 {[%emt 0:00:06]} Qe8 {[%emt 0:09:30]} 21. Ne5 {[%emt 0:05:00]} f5 {[%emt 0:09:39]} 22. f3 {[%emt 0:04:38]} Bd6 {[%emt 0:07:00]} 23. Rfe1 {[%emt 0:04:30]} f4 {[%emt 0:03:05]} 24. Bf2 {[%emt 0:02:07]} Bxe5 {[%emt 0:07:10]} 25. Rxe5 {[%emt 0:00:50]} Nd7 {[%emt 0:00:25]} 26. Re2 {[%emt 0:02:18]} Rf6 {[%emt 0:00:12]} 27. Qb5 {[%emt 0:04:05]} Rb8 {[%emt 0:06:31]} 28. Qxa5 {[%emt 0:04:47]} Qh5 {[%emt 0:04:07]} 29. Qa6 {[%emt 0:03:39]} Rg6 {[%emt 0:02:12]} 30. Rxe6 {[%emt 0:04:42]} N7f6 {[%emt 0:00:47]} 31. Kh1 {[%emt 0:05:46]} Rg5 {[%emt 0:05:30]} 32. Qd3 {[%emt 0:02:59]} Rf8 {[%emt 0:01:42]} 33. a5 {[%emt 0:09:29]} Ne3 {[%emt 0:01:01]} 34. Bxe3 {[%emt 0:00:24]} fxe3 {[%emt 0:00:04]} 35. Rxe3 {[%emt 0:00:18]} Nd5 {[%emt 0:00:27]} 36. Re5 {[%emt 0:00:32]} Nf4 {[%emt 0:00:18]} 37. Qd2 {[%emt 0:01:53]} Qg6 {[%emt 0:01:42]} 38. Rxg5 {[%emt 0:00:58]} hxg5 {[%emt 0:00:01]} 39. Qc2 {[%emt 0:03:11]} Qh5 {[%emt 0:00:35]} 40. a6 {[%emt 0:00:00]} g4 {[%emt 0:00:00]} 41. fxg4 {[%emt 0:01:22]} Qxg4 {[%emt 0:02:17]} 42. Qe4 {[%emt 0:00:58]} Qg5 {[%emt 0:01:09]} 43. a7 {[%emt 0:01:38]} Nd5 {[%emt 0:00:05]} 44. Qe6+ {[%emt 0:00:20]} Kh7 {[%emt 0:00:20]} 45. Qh3+ {[%emt 0:00:17]} Kg8 {[%emt 0:01:17]} 46. Rc8 {[%emt 0:00:24]} Qe7 {[%emt 0:00:12]} 47. Rxf8+ {[%emt 0:00:34]} Qxf8 {[%emt 0:00:02]} 48. Qf3 {[%emt 0:00:58]} 1-0

[Event "RUS-ch Boys U21 2020"]
[Site "Moscow"]
[Date "2020.12.12"]
[Round "5.3"]
[White "Ofitserian, Boris"]
[Black "Pogosyan, Stefan"]
[Result "1/2-1/2"]
[WhiteElo "2376"]
[BlackElo "2430"]
[Annotator "ChessBase"]
[PlyCount "108"]
[EventDate "2020.12.08"]
[EventType "tourn"]
[EventCountry "RUS"]
[SourceTitle "playchess.com"]
[Source "ChessBase"]
[SourceQuality "1"]
[TimeControl "40/5400+30:1800+30"]

1. Nf3 {[%emt 0:02:21]} Nf6 {[%emt 0:00:00]} 2. c4 {[%emt 0:00:07]} e6 {[%emt 0:00:12]} 3. g3 {[%emt 0:02:56]} d5 {[%emt 0:00:49]} 4. Bg2 {[%emt 0:00:13]} d4 {[%emt 0:02:41]} 5. O-O {[%emt 0:03:08]} c5 {[%emt 0:01:33]} 6. e3 {[%emt 0:00:24]} Nc6 {[%emt 0:00:32]} 7. exd4 {[%emt 0:00:05]} cxd4 {[%emt 0:00:17]} 8. d3 {[%emt 0:00:03]} Be7 {[%emt 0:02:21]} 9. Bg5 {[%emt 0:00:23]} O-O {[%emt 0:00:43]} 10. Bxf6 {[%emt 0:00:26]} Bxf6 {[%emt 0:00:26]} 11. Nbd2 {[%emt 0:00:03]} e5 {[%emt 0:02:11]} 12. Re1 {[%emt 0:00:06]} Bf5 {[%emt 0:00:59]} 13. Ne4 {[%emt 0:02:00]} Be7 {[%emt 0:01:42]} 14. a3 {[%emt 0:00:16]} a5 {[%emt 0:00:30]} 15. Rc1 {[%emt 0:00:36]} Qd7 {[%emt 0:09:42]} 16. Qa4 {[%emt 0:02:49]} Qc7 {[%emt 0:22:18]} 17. c5 {[%emt 0:06:39]} Bd7 {[%emt 0:03:00]} 18. Nfd2 {[%emt 0:00:33]} Nb8 {[%emt 0:05:36]} 19. Qd1 {[%emt 0:03:42]} a4 {[%emt 0:05:36]} 20. Nc4 {[%emt 0:00:36]} Bc6 {[%emt 0:01:42]} 21. Ned6 {[%emt 0:11:57]} Bxg2 {[%emt 0:11:28]} 22. Kxg2 {[%emt 0:00:05]} Nd7 {[%emt 0:01:34]} 23. Qf3 {[%emt 0:09:27]} Nxc5 {[%emt 0:03:21]} 24. Rxe5 {[%emt 0:27:32]} Nxd3 {[%emt 0:04:21]} 25. Qxd3 {[%emt 0:07:41]} Bxd6 {[%emt 0:00:15]} 26. Rd5 {[%emt 0:00:40]} Bc5 {[%emt 0:01:17]} 27. Ne5 {[%emt 0:09:40]} b6 {[%emt 0:04:22]} 28. Qxd4 {[%emt 0:04:04]} Rad8 {[%emt 0:04:45]} 29. Rxd8 {[%emt 0:02:34]} Rxd8 {[%emt 0:01:05]} 30. Qf4 {[%emt 0:01:44]} h6 {[%emt 0:02:09]} 31. Rc2 {[%emt 0:01:07]} Rd4 {[%emt 0:02:37]} 32. Qe3 {[%emt 0:00:58]} Rd5 {[%emt 0:01:10]} 33. Nf3 {[%emt 0:00:35]} Qd7 {[%emt 0:00:15]} 34. Qe4 {[%emt 0:00:18]} Rd1 {[%emt 0:00:47]} 35. Re2 {[%emt 0:00:48]} g6 {[%emt 0:01:16]} 36. h4 {[%emt 0:00:49]} b5 {[%emt 0:02:09]} 37. h5 {[%emt 0:00:09]} gxh5 {[%emt 0:00:45]} 38. Qf4 {[%emt 0:00:31]} Bf8 {[%emt 0:00:56]} 39. Qb8 {[%emt 0:00:42]} Qd3 {[%emt 0:00:57]} 40. Qe5 {[%emt 0:00:00]} Bg7 {[%emt 0:00:00]} 41. Qe8+ {[%emt 0:05:14]} Kh7 {[%emt 0:01:11]} 42. Qe7 {[%emt 0:09:35]} Qc4 {[%emt 0:06:49]} 43. Kh2 {[%emt 0:01:51]} Qd3 {[%emt 0:05:55]} 44. Kg2 {[%emt 0:02:40]} Rc1 {[%emt 0:04:36]} 45. Ne1 {[%emt 0:03:55]} Qd5+ {[%emt 0:01:50]} 46. Nf3 {[%emt 0:01:43]} Rc6 {[%emt 0:04:44]} 47. Rd2 {[%emt 0:01:37]} Qe6 {[%emt 0:00:45]} 48. Qb7 {[%emt 0:00:21]} Rc5 {[%emt 0:01:18]} 49. Rd7 {[%emt 0:00:18]} Qc6 {[%emt 0:01:55]} 50. Rxf7 {[%emt 0:00:50]} Qxb7 {[%emt 0:00:08]} 51. Rxb7 {[%emt 0:00:04]} Kg8 {[%emt 0:01:20]} 52. Rb8+ {[%emt 0:00:07]} Kh7 {[%emt 0:02:36]} 53. Rb7 {[%emt 0:00:06]} Kg8 {[%emt 0:00:04]} 54. Rb8+ {[%emt 0:00:05]} Kh7 {[%emt 0:00:11]} 1/2-1/2

[Event "RUS-ch Boys U21 2020"]
[Site "Moscow"]
[Date "2020.12.12"]
[Round "5.4"]
[White "Murzin, Volodar"]
[Black "Smirnov, Timofey"]
[Result "1/2-1/2"]
[WhiteElo "2470"]
[BlackElo "2394"]
[Annotator "ChessBase"]
[PlyCount "80"]
[EventDate "2020.12.08"]
[EventType "tourn"]
[EventCountry "RUS"]
[SourceTitle "playchess.com"]
[Source "ChessBase"]
[SourceQuality "1"]
[TimeControl "40/5400+30:1800+30"]

1. e4 {[%emt 0:00:00]} c5 {[%emt 0:00:07]} 2. Nf3 {[%emt 0:00:00]} Nc6 {[%emt 0:00:09]} 3. Bb5 {[%emt 0:00:00]} g6 {[%emt 0:00:13]} 4. Bxc6 {[%emt 0:00:05]} dxc6 {[%emt 0:00:12]} 5. d3 {[%emt 0:00:24]} Bg7 {[%emt 0:00:17]} 6. O-O {[%emt 0:00:05]} Nf6 {[%emt 0:00:55]} 7. a4 {[%emt 0:02:01]} Nd7 {[%emt 0:03:53]} 8. Nbd2 {[%emt 0:03:38]} O-O {[%emt 0:04:26]} 9. a5 {[%emt 0:03:44]} e5 {[%emt 0:00:30]} 10. Nc4 {[%emt 0:00:19]} Qe7 {[%emt 0:00:23]} 11. Be3 {[%emt 0:01:28]} f6 {[%emt 0:00:43]} 12. Nfd2 {[%emt 0:02:47]} Nb8 {[%emt 0:07:56]} 13. f4 {[%emt 0:06:04]} Be6 {[%emt 0:00:26]} 14. f5 {[%emt 0:12:48]} Bf7 {[%emt 0:01:03]} 15. fxg6 {[%emt 0:03:25]} hxg6 {[%emt 0:00:52]} 16. Qg4 {[%emt 0:00:51]} Nd7 {[%emt 0:01:00]} 17. Nf3 {[%emt 0:01:41]} f5 {[%emt 0:19:23]} 18. exf5 {[%emt 0:07:21]} gxf5 {[%emt 0:00:18]} 19. Qh4 {[%emt 0:00:23]} Qxh4 {[%emt 0:02:46]} 20. Nxh4 {[%emt 0:00:38]} f4 {[%emt 0:02:43]} 21. Bd2 {[%emt 0:05:00]} e4 {[%emt 0:09:03]} 22. Bxf4 {[%emt 0:05:30]} exd3 {[%emt 0:06:00]} 23. cxd3 {[%emt 0:04:10]} Bxc4 {[%emt 0:01:26]} 24. dxc4 {[%emt 0:00:07]} Bxb2 {[%emt 0:00:09]} 25. Rab1 {[%emt 0:03:38]} Bd4+ {[%emt 0:00:09]} 26. Kh1 {[%emt 0:00:03]} b6 {[%emt 0:00:53]} 27. g4 {[%emt 0:04:33]} Ne5 {[%emt 0:08:12]} 28. Nf5 {[%emt 0:18:10]} Nxg4 {[%emt 0:06:11]} 29. Bd6 {[%emt 0:02:38]} Nf2+ {[%emt 0:13:38]} 30. Rxf2 {[%emt 0:00:11]} Bxf2 {[%emt 0:00:02]} 31. Bxf8 {[%emt 0:00:28]} Rxf8 {[%emt 0:00:12]} 32. axb6 {[%emt 0:02:18]} axb6 {[%emt 0:00:43]} 33. Ne7+ {[%emt 0:00:12]} Kh7 {[%emt 0:02:14]} 34. Rxb6 {[%emt 0:01:10]} Rf4 {[%emt 0:00:38]} 35. Rxc6 {[%emt 0:04:29]} Rxc4 {[%emt 0:02:04]} 36. Kg2 {[%emt 0:00:40]} Bh4 {[%emt 0:00:56]} 37. Nf5 {[%emt 0:01:16]} Bg5 {[%emt 0:00:26]} 38. h4 {[%emt 0:00:39]} Rf4 {[%emt 0:01:22]} 39. Rxc5 {[%emt 0:02:27]} Bxh4 {[%emt 0:00:08]} 40. Nxh4 {[%emt 0:00:00]} Rxh4 {[%emt 0:00:00]} 1/2-1/2

[Event "RUS-ch Boys U21 2020"]
[Site "Moscow"]
[Date "2020.12.12"]
[Round "5.5"]
[White "Triapishko, Alexandr"]
[Black "Nesterov, Arseniy"]
[Result "1-0"]
[WhiteElo "2506"]
[BlackElo "2498"]
[Annotator "RC"]
[PlyCount "57"]
[EventDate "2020.12.08"]
[EventType "tourn"]
[EventCountry "RUS"]
[SourceTitle "playchess.com"]
[Source "ChessBase"]
[SourceQuality "1"]
[TimeControl "40/5400+30:1800+30"]

1. Nf3 {[%emt 0:00:02]} d5 {[%emt 0:00:00]} 2. g3 {[%emt 0:00:08]} Nf6 {[%emt 0:00:00]} 3. Bg2 {[%emt 0:00:59]} g6 {[%emt 0:00:08]} 4. b3 {[%emt 0:16:54]} Bg7 {[%emt 0:00:07]} 5. Bb2 {[%emt 0:00:08]} c5 {[%emt 0:00:21]} 6. c4 {[%emt 0:02:13]} d4 {[%emt 0:20:31]} 7. b4 {[%emt 0:07:21]} O-O {[%emt 0:02:12]} 8. O-O {[%emt 0:06:28]} Re8 {[%emt 0:04:05]} 9. bxc5 {[%emt 0:12:31]} Nc6 {[%emt 0:03:19]} 10. d3 {[%emt 0:14:42]} e5 {[%emt 0:13:26]} 11. Nbd2 {[%emt 0:04:47]} Bf8 {[%emt 0:02:41]} 12. Ng5 {[%emt 0:14:17]} Bxc5 {[%emt 0:01:57]} 13. Nge4 {[%emt 0:01:24]} Nxe4 {[%emt 0:00:32]} 14. Nxe4 {[%emt 0:00:05]} Be7 {[%emt 0:09:29]} 15. c5 {[%emt 0:01:41]} Be6 {[%emt 0:03:37]} 16. Ba3 {[%emt 0:02:17]} Qa5 {[%emt 0:14:38]} 17. Bc1 {[%emt 0:06:57]} Rad8 {[%emt 0:09:53]} 18. Rb1 {[%emt 0:02:53]} Qxa2 {[%emt 0:05:12]} 19. Bg5 {[%emt 0:02:13]} Bxg5 {[%emt 0:03:47]} 20. Nxg5 {[%emt 0:00:03]} Bd5 {[%emt 0:01:50]} 21. Ra1 {[%emt 0:00:58]} Qb3 {[%emt 0:01:22]} 22. Qxb3 {[%emt 0:01:25]} Bxb3 {[%emt 0:00:01]} 23. Rfb1 {[%emt 0:00:17]} Bd5 {[%emt 0:01:25]} 24. Rxb7 {[%emt 0:00:44]} f5 {[%emt 0:00:53]} 25. Nxh7 {[%emt 0:00:29]} Re6 {[%emt 0:00:32]} 26. Ng5 {[%emt 0:00:16]} Ree8 {[%emt 0:00:06]} 27. Bxd5+ {[%emt 0:00:45]} Rxd5 {[%emt 0:00:01]} 28. Rc7 {[%emt 0:00:29]} Rxc5 29. Ra6 {[%emt 0:00:17]} 1-0

[Event "RUS-ch Boys U21 2020"]
[Site "Moscow"]
[Date "2020.12.13"]
[Round "6.1"]
[White "Makarian, Rudik"]
[Black "Nesterov, Arseniy"]
[Result "1-0"]
[WhiteElo "2441"]
[BlackElo "2498"]
[Annotator "RC"]
[PlyCount "83"]
[EventDate "2020.12.08"]
[EventType "tourn"]
[EventCountry "RUS"]
[SourceTitle "playchess.com"]
[Source "ChessBase"]
[SourceQuality "1"]
[TimeControl "40/5400+30:1800+30"]

1. d4 {[%emt 0:00:00]} Nf6 {[%emt 0:00:00]} 2. c4 {[%emt 0:00:00]} e6 {[%emt 0:00:00]} 3. Nf3 {[%emt 0:00:03]} d5 {[%emt 0:00:00]} 4. Nc3 {[%emt 0:00:09]} dxc4 {[%emt 0:00:00]} 5. e4 {[%emt 0:00:20]} b5 {[%emt 0:00:00]} 6. e5 {[%emt 0:00:12]} Nd5 {[%emt 0:00:07]} 7. Nxb5 {[%emt 0:00:04]} Nb6 {[%emt 0:00:04]} 8. Be2 {[%emt 0:00:06]} Nc6 {[%emt 0:00:21]} 9. Be3 {[%emt 0:00:08]} Ba6 {[%emt 0:07:03]} 10. Nc3 {[%emt 0:00:49]} Be7 {[%emt 0:04:39]} 11. a3 {[%emt 0:00:23]} Bb7 {[%emt 0:06:51]} 12. Qc2 {[%emt 0:00:19]} Na5 {[%emt 0:06:31]} 13. Rd1 {[%emt 0:00:15]} Rb8 {[%emt 0:22:10]} 14. h4 {[%emt 0:00:09]} h6 {[%emt 0:02:07]} 15. Rh3 {[%emt 0:00:43]} Qd7 {[%emt 0:09:55]} 16. Rg3 {[%emt 0:00:50]} g6 {[%emt 0:02:16]} 17. h5 {[%emt 0:00:41]} g5 {[%emt 0:01:25]} 18. Nd2 {[%emt 0:00:06]} Bc6 {[%emt 0:07:20]} 19. Kf1 {[%emt 0:01:08]} Ba4 {[%emt 0:06:19]} 20. Nxa4 {[%emt 0:00:55]} Qxa4 {[%emt 0:00:03]} 21. Rc1 {[%emt 0:04:38]} Qxc2 {[%emt 0:02:27]} 22. Rxc2 {[%emt 0:00:07]} Kd7 {[%emt 0:01:50]} 23. Rf3 {[%emt 0:03:45]} Rhf8 {[%emt 0:00:12]} 24. Ne4 {[%emt 0:00:09]} Nd5 {[%emt 0:04:25]} 25. Bd2 {[%emt 0:04:21]} Nb3 {[%emt 0:02:12]} 26. Bc3 {[%emt 0:00:26]} Na1 {[%emt 0:03:07]} 27. Rc1 {[%emt 0:02:22]} Nb3 {[%emt 0:00:04]} 28. Rd1 {[%emt 0:00:11]} Nxc3 {[%emt 0:02:54]} 29. Rxc3 {[%emt 0:10:11]} Na5 {[%emt 0:00:05]} 30. d5 {[%emt 0:04:29]} Rxb2 {[%emt 0:03:36]} 31. dxe6+ {[%emt 0:00:35]} Kxe6 {[%emt 0:01:48]} 32. Bg4+ {[%emt 0:07:59]} Kxe5 {[%emt 0:00:05]} 33. Re3 {[%emt 0:00:02]} Rd8 {[%emt 0:01:32]} 34. Nc3+ {[%emt 0:07:14]} Kf6 {[%emt 0:00:01]} 35. Nd5+ {[%emt 0:00:06]} Rxd5 {[%emt 0:00:11]} 36. Rxd5 {[%emt 0:00:03]} Rb1+ {[%emt 0:02:58]} 37. Ke2 {[%emt 0:00:24]} Nc6 {[%emt 0:01:23]} 38. Bd7 {[%emt 0:01:13]} c3 {[%emt 0:00:01]} 39. Rf5+ {[%emt 0:04:16]} Kg7 {[%emt 0:00:03]} 40. Bxc6 {[%emt 0:00:00]} c2 {[%emt 0:00:00]} 41. Rxe7 {[%emt 0:00:12]} Re1+ {[%emt 0:01:34]} 42. Kf3 {[%emt 0:00:39]} 1-0